| 000 | 00834nam a2200301Ia 4500 | ||
|---|---|---|---|
| 008 | 160803s9999 xx 000 0 und d | ||
| 020 | _a 9780545453363 | ||
| 100 | _aKozlowsky, M.P | ||
| 245 | _aJuniper Berry / | ||
| 245 | _cM.P. Kozlowsky ; drawings by Erwin Madrid. | ||
| 260 | _aNew York : | ||
| 260 | _bScholastic Inc. | ||
| 260 | _c2011 | ||
| 300 | _a227 pages : | ||
| 300 | _billustrations ; | ||
| 300 | _c20 cm | ||
| 500 | _a"This edition is available for distribution only through the school market"--Page 2 of cover. | ||
| 650 | _aFamilies -- | ||
| 650 | _aFamilies. | ||
| 650 | _aGhouls and ogres -- | ||
| 650 | _aSoul -- | ||
| 650 | _aSupernatural -- | ||
| 650 | _xFiction. | ||
| 650 | _xJuvenile fiction. | ||
| 650 | _xJuvenile fiction. | ||
| 650 | _xJuvenile fiction. | ||
| 700 | _a700 | ||
| 999 |
_c298217 _d298217 |
||